| 000 | 00649cam a22001933 4500 | ||
|---|---|---|---|
| 001 | gs 16000623 | ||
| 003 | DLC | ||
| 005 | 20260227111320.0 | ||
| 008 | 020619s1916 enkabc 000 0 eng | ||
| 010 | _ags 16000623 | ||
| 040 |
_aDLC _cDLC |
||
| 043 | _ae-uk-en | ||
| 050 | 0 | 0 |
_aQE262.L2 _bM3 |
| 100 | 1 |
_aMarr, J. E. _q(John Edward), _d1857-1933. |
|
| 245 | 1 | 4 |
_aThe geology of the Lake district and the scenery as influenced by geological structure, _cby J.E. Marr ... |
| 260 |
_aCambridge, _bThe University press, _c1916. |
||
| 300 |
_axii, 220 p. _bfront. (port.) illus., fold. maps, diagrs. _c23 cm. |
||
| 650 | 0 |
_aGeology _zEngland _zLake District. |
|
| 999 |
_c25707 _d25707 |
||